Emprendedores : (Registro nro. 12544)

Detalles MARC
000 -LIDER
fixed length control field 00462nam a2200181 a 4500
001 - NÚMERO DE CONTROL
Identificador de número de control 000003722
003 - IDENTIFICACDOR DE NÚMERO DE CONTROL
control field DO-SdBNP
005 - DATE AND TIME OF LATEST TRANSACTION
control field 20171103110118.0
008 - ELEMENTOS DE LONGITUD FIJA
fixed length control field 171103b xxu||||| |||| 00| 0 spa d
020 ## - ISBN
International Standard Book Number 9789945162776
040 ## - FUENTE DE CATALOGACIÓN
Agencia que crea de manera original el registro BPMSU
Idioma de catalogación spa
Agencia que realiza la transcripción BPMSU
049 ## - LOCAL HOLDINGS (OCLC)
Holding library
100 1# - ASIENTO PRINCIPAL -- NOMBRE PERSONAL
Nombre personal Méndez, Wagner
245 10 - MENCIÓN DE TITULO
Título Emprendedores :
260 ## - PUBLICACIÓN, DISTRIBUCIÓN, ETC. (PIE DE IMPRENTA)
Lugar de publicación, distribución, etc Santo Domingo :
Nombre del editor, distribuidor, etc. Wagner Management Group ; Búho,
Fecha de publicación, distribución, etc 2009.
942 ## - ADDED ENTRY ELEMENTS (KOHA)
Source of classification or shelving scheme Dewey Decimal Classification
Koha item type Libros
945 ## - INFORMACIÓN DE PROCESAMIENTO LOCAL
Información de procesamiento local Inventariado, 2017/MFF
Existencias
Withdrawn status Lost status Source of classification or shelving scheme Damaged status Not for loan Collection code Home library Current library Date acquired Source of acquisition Total Checkouts Barcode Date last seen Price effective from Koha item type
    Dewey Decimal Classification     Colección Dominicana Biblioteca Pública Metropolitana Salomé Ureña Biblioteca Pública Metropolitana Salomé Ureña 02/07/2017 Sellar   BPMSU17020006 02/07/2017 02/07/2017 Libros